[Event "Torneo Autunno Bergamasco"]
[Site "Bergamo ITA"]
[Date "2007.11.23"]
[Round "7"]
[White "Gozzini, Giambattista"]
[Black "Gerali, Paolo"]
[Result "0-1"]
[WhiteElo "1887"]
[BlackElo "1940"]
[PlyCount "114"]
[EventDate "2007.10.05"]

1. e4 c5 2. b3 Nf6 3. e5 Nd5 4. c4 Nb6 5. Bb2 d6 6. a3 Nc6 7. exd6 Qxd6 8. Nc3
Bf5 9. Nf3 a6 10. Nd5 Nd7 11. d4 e6 12. dxc5 Nxc5 13. Nb6 Rd8 14. Qxd6 Rxd6 15.
Nc8 Rd8 16. Nb6 Nxb3 17. Rd1 Rxd1+ 18. Kxd1 Bc5 19. Na4 Bxf2 20. Bxg7 Rg8 21.
Bf6 Ncd4 22. Nxd4 Bxd4 23. Bxd4 Nxd4 24. Nc5 Ke7 25. Kd2 Rb8 26. Bd3 Bxd3 27.
Kxd3 Nf5 28. Rb1 Nd6 29. Nxa6 Ra8 30. c5 Rxa6 31. cxd6+ Rxd6+ 32. Ke4 b6 33.
Rb3 f5+ 34. Kf3 Kf6 35. g4 Kg5 36. gxf5 exf5 37. Kg3 Rd4 38. Rxb6 Rd3+ 39. Kg2
Rxa3 40. h4+ Kg4 41. Rh6 Ra2+ 42. Kf1 Kf3 43. Ke1 Ra1+ 44. Kd2 Ra7 45. Rf6 f4
46. h5 Re7 47. Ra6 Kg2 48. Ra5 f3 49. Rg5+ Kf1 50. Rf5 f2 51. Ra5 Rd7+ 52. Ke3
Re7+ 53. Kf3 Rf7+ 54. Kg3 Rg7+ 55. Kf3 Re7 56. Rb5 Rf7+ 57. Ke3 Kg2 0-1

[Event "Torneo Autunno Bergamasco"]
[Site "Bergamo ITA"]
[Date "2007.11.23"]
[Round "7"]
[White "Oteri, Aldo"]
[Black "Ranfagni, Stefano"]
[Result "0-1"]
[WhiteElo "1898"]
[BlackElo "2065"]
[PlyCount "106"]
[EventDate "2007.10.05"]

1. e4 e5 2. Nf3 Nf6 3. Nc3 Nc6 4. Bb5 Bc5 5. O-O d6 6. d3 a6 7. Ba4 b5 8. Bb3
Bg4 9. h3 Bh5 10. Nd5 Nd4 11. g4 Nxg4 12. Nxd4 Qh4 13. Qf3 Nxf2 14. Nf5 Bxf3
15. Nxh4 Ng4+ 16. Ne3 Nxe3 17. Nxf3 Nxf1+ 18. Kxf1 h6 19. c3 O-O-O 20. d4 exd4
21. cxd4 Bb6 22. a4 Kb7 23. Ke2 f6 24. Nh4 Rhe8 25. Kd3 c5 26. Bd5+ Kc7 27.
axb5 axb5 28. dxc5 Bxc5 29. Nf5 g5 30. Ng7 h5 31. Nxe8+ Rxe8 32. Bd2 g4 33. b4
Bb6 34. hxg4 hxg4 35. Bf4 Rh8 36. Rc1+ Kd7 37. Rc6 Bc7 38. Rc2 Rh3+ 39. Be3 Bb6
40. Re2 Ke7 41. Kd2 Bxe3+ 42. Rxe3 g3 43. Re1 Rh2+ 44. Kc3 Rf2 45. Rg1 Rf3+ 46.
Kd4 Kd7 47. Bf7 Ke7 48. Bd5 Kd7 49. Ba2 Ra3 50. Rg2 Rf3 51. Bg8 Ra3 52. Bh7 Rc3
53. Kd5 Rd3# 0-1

[Event "Torneo Autunno Bergamasco"]
[Site "Bergamo ITA"]
[Date "2007.11.23"]
[Round "7"]
[White "Riggio, Mauro"]
[Black "Nasoni, Paolo"]
[Result "1/2-1/2"]
[WhiteElo "1811"]
[BlackElo "1849"]
[PlyCount "98"]
[EventDate "2007.10.05"]

1. e4 e5 2. Nf3 Nc6 3. d4 exd4 4. Nxd4 g6 5. Bc4 Bg7 6. c3 h6 7. O-O Nge7 8. f4
Nxd4 9. cxd4 d5 10. exd5 O-O 11. Nc3 Nf5 12. Ne2 Qf6 13. Qd3 Nxd4 14. Be3 Nxe2+
15. Qxe2 Qxb2 16. Rac1 Qxe2 17. Bxe2 Re8 18. Kf2 Re7 19. g4 Bd7 20. Rxc7 Rae8
21. Bf3 Rxe3 22. Rxd7 Bd4 23. Kg2 Ra3 24. Rxb7 Rxa2+ 25. Kg3 g5 26. d6 Be3 27.
fxg5 hxg5 28. Bd5 Bf4+ 29. Rxf4 gxf4+ 30. Kxf4 Rf2+ 31. Kg3 Rf6 32. Rxa7 Re3+
33. Kh4 Re8 34. d7 Rd8 35. Ra8 Rxa8 36. Bxa8 Rd6 37. Bc6 Kg7 38. Kg5 Kf8 39. h4
Ke7 40. Ba4 Rd5+ 41. Kh6 Rd4 42. Bb3 f6 43. d8=Q+ Rxd8 44. Bc2 Rh8+ 45. Bh7 Kf7
46. g5 fxg5 47. hxg5 Rd8 48. g6+ Ke7 49. g7 Kf6 1/2-1/2

[Event "Torneo Autunno Bergamasco"]
[Site "Bergamo ITA"]
[Date "2007.11.23"]
[Round "7"]
[White "Salcedo, Cancio Luis E."]
[Black "Merletti, Vincenzo"]
[Result "1-0"]
[WhiteElo "1614"]
[BlackElo "1554"]
[PlyCount "65"]
[EventDate "2007.10.05"]

1. e4 Nf6 2. e5 Nd5 3. c4 Nb6 4. d4 e6 5. Nc3 Nc6 6. Nf3 Be7 7. Be3 d6 8. a3
dxe5 9. dxe5 Nd7 10. Bf4 O-O 11. Be2 b6 12. Qc2 Bb7 13. Rd1 Qc8 14. O-O f6 15.
exf6 Bxf6 16. Bg3 e5 17. Bd3 h6 18. Bf5 Nd4 19. Nxd4 exd4 20. Nb5 c5 21. Nd6
Qc6 22. Be4 Qc7 23. Bxb7 Be5 24. Bd5+ Kh8 25. Nf7+ Rxf7 26. Bxf7 Rf8 27. Bd5
Nf6 28. Bf3 Nd7 29. Rde1 Bxg3 30. fxg3 Ne5 31. Bd5 Rxf1+ 32. Rxf1 Ng4 33. Rf8#
1-0

[Event "Torneo Autunno Bergamasco"]
[Site "Bergamo ITA"]
[Date "2007.11.23"]
[Round "7"]
[White "Villa, Claudio"]
[Black "Minieri, Filippo"]
[Result "0-1"]
[WhiteElo "1871"]
[BlackElo "2124"]
[PlyCount "44"]
[EventDate "2007.10.05"]

1. b3 d5 2. Bb2 c5 3. Nf3 Nc6 4. e3 Bg4 5. Be2 Nf6 6. Ne5 Nxe5 7. Bxe5 Bxe2 8.
Qxe2 Nd7 9. Bb2 e6 10. O-O Qg5 11. Qb5 O-O-O 12. d4 h5 13. Nd2 h4 14. dxc5 Bxc5
15. Nf3 Qh5 16. h3 a6 17. Qa4 Bd6 18. c4 Nc5 19. Qa5 dxc4 20. bxc4 Bc7 21. Qa3
Rd3 22. Qxc5 Qxc5 0-1

[Event "Weekend Accademia A Autunno"]
[Site "Roma ITA"]
[Date "2007.10.12"]
[Round "1"]
[White "Buratti, Marco"]
[Black "Mastroddi, Giuseppe"]
[Result "1-0"]
[WhiteElo "2054"]
[BlackElo "1799"]
[PlyCount "65"]
[EventDate "2007.10.12"]

1. e4 c5 2. Nc3 d6 3. Bc4 Nc6 4. d3 Nf6 5. Nge2 g6 6. O-O Bg7 7. Bg5 O-O 8. f4
Bd7 9. f5 Ne5 10. fxg6 hxg6 11. Qe1 Nxc4 12. dxc4 Be6 13. Nd5 Bxd5 14. exd5 Nh7
15. Bh4 Qc7 16. Nc3 a6 17. Qxe7 Qb6 18. Ne4 Be5 19. Rae1 Rae8 20. Qd7 f5 21.
Ng5 Nxg5 22. Bxg5 Bd4+ 23. Kh1 Rxe1 24. Rxe1 Be5 25. Qe6+ Kh7 26. Rxe5 Qc7 27.
Re3 Qf7 28. Rh3+ Kg8 29. Re3 f4 30. Re4 Kg7 31. Rxf4 Qxe6 32. dxe6 Re8 33. e7
1-0

[Event "Weekend Accademia A Autunno"]
[Site "Roma ITA"]
[Date "2007.10.12"]
[Round "1"]
[White "Ciampi, Vincenzo"]
[Black "De Lisa, Carmine"]
[Result "1-0"]
[WhiteElo "2095"]
[BlackElo "1815"]
[PlyCount "61"]
[EventDate "2007.10.12"]

1. e4 c5 2. c3 Nf6 3. e5 Nd5 4. d4 e6 5. c4 Nc7 6. Nf3 b6 7. Nc3 cxd4 8. Qxd4
Nc6 9. Qg4 Bb7 10. Bg5 Be7 11. Ne4 Bb4+ 12. Kd1 Ne7 13. Nd6+ Bxd6 14. exd6 f6
15. Bf4 e5 16. Nxe5 Ne6 17. dxe7 Qxe7 18. Nd3 Rc8 19. Bd2 O-O 20. Bb4 d6 21.
Nf4 f5 22. Qe2 Be4 23. Nxe6 Qxe6 24. f3 d5 25. Bxf8 Rxc4 26. fxe4 Rd4+ 27. Kc2
Rxe4 28. Qb5 Qc8+ 29. Kd2 a6 30. Qxd5+ Kxf8 31. Rc1 1-0

[Event "Weekend Accademia A Autunno"]
[Site "Roma ITA"]
[Date "2007.10.12"]
[Round "1"]
[White "Cobas Ferrer, Dayami"]
[Black "Quimi, Marco"]
[Result "0-1"]
[WhiteElo "1994"]
[BlackElo "2270"]
[PlyCount "130"]
[EventDate "2007.10.12"]

1. e4 c5 2. c3 d5 3. exd5 Qxd5 4. d4 Nf6 5. Nf3 e6 6. Bd3 Be7 7. O-O O-O 8. Re1
Nc6 9. Ne5 cxd4 10. Nxc6 bxc6 11. cxd4 Rd8 12. Be3 c5 13. Nc3 Qc6 14. Bb5 Qc7
15. Qa4 Bb7 16. dxc5 a6 17. Bf1 Bxc5 18. Bxc5 Qxc5 19. Rad1 Qb6 20. Rxd8+ Rxd8
21. Rd1 Ra8 22. Rd2 h5 23. Qd4 Qa5 24. h3 Qg5 25. Rd1 Qa5 26. Qa4 Qxa4 27. Nxa4
Bc6 28. Nc5 a5 29. Rc1 Bd5 30. Na6 Bxa2 31. Ra1 Bb3 32. Rxa5 Rd8 33. Rb5 Bc2
34. Rb8 Rxb8 35. Nxb8 Nd5 36. Nc6 Ba4 37. Nd4 Kf8 38. b3 Bd7 39. Be2 g6 40. Kf1
Ke7 41. Bb5 Bxb5+ 42. Nxb5 Kd7 43. h4 Kc6 44. Nd4+ Kc5 45. Nc2 Nb4 46. Ne3 Nd3
47. Nc4 f6 48. f3 Nc1 49. Nd2 f5 50. g4 e5 51. gxh5 gxh5 52. Nc4 Kd4 53. Nd6 f4
54. Nf5+ Kc3 55. Ng7 Kd2 56. Nxh5 Nxb3 57. Nf6 Nd4 58. Kg2 Ke2 59. h5 Nxf3 60.
h6 Nh4+ 61. Kh3 Ng6 62. Ng4 e4 63. h7 Nh8 64. Kg2 f3+ 65. Kg1 e3 0-1

[Event "Weekend Accademia A Autunno"]
[Site "Roma ITA"]
[Date "2007.10.12"]
[Round "1"]
[White "Gasperoni, Claudio"]
[Black "Parrini, Daniele"]
[Result "0-1"]
[WhiteElo "1841"]
[BlackElo "2042"]
[PlyCount "52"]
[EventDate "2007.10.12"]

1. d4 Nf6 2. Nf3 g6 3. c4 Bg7 4. Nc3 d5 5. Bg5 Ne4 6. e3 Nxg5 7. Nxg5 c6 8.
cxd5 O-O 9. dxc6 e5 10. Nxf7 Rxf7 11. Bc4 Nxc6 12. Bxf7+ Kxf7 13. Qb3+ Kf8 14.
dxe5 Bxe5 15. Rd1 Qh4 16. g3 Qh3 17. Ne4 Bc7 18. Qd5 Qg2 19. Nf6 Ba5+ 20. Ke2
Qxd5 21. Nxd5 Be6 22. a3 Re8 23. b4 Bd8 24. Nf4 Bc4+ 25. Kf3 g5 26. Rc1 Ne5+
0-1

[Event "Weekend Accademia A Autunno"]
[Site "Roma ITA"]
[Date "2007.10.12"]
[Round "1"]
[White "Maddaloni, Giovanni"]
[Black "Caprio, Guido"]
[Result "0-1"]
[WhiteElo "1799"]
[BlackElo "2071"]
[PlyCount "106"]
[EventDate "2007.10.12"]

1. f4 g6 2. Nf3 Bg7 3. g3 Nf6 4. Bg2 O-O 5. d3 c5 6. e4 d6 7. O-O Nc6 8. c3 Rb8
9. a4 a6 10. Re1 Bg4 11. Nbd2 b5 12. axb5 axb5 13. h3 Bxf3 14. Qxf3 Nd7 15. e5
Rb6 16. exd6 exd6 17. Nf1 b4 18. Bd2 bxc3 19. bxc3 Nf6 20. Ne3 Ne7 21. Ra8 Rb8
22. Rea1 d5 23. Rxb8 Qxb8 24. Qd1 Nh5 25. Rb1 Qd6 26. Kh2 Rd8 27. Qb3 g5 28.
Qb6 Qxb6 29. Rxb6 gxf4 30. gxf4 Nxf4 31. Ng4 Nxd3 32. Rb7 Ng6 33. Bg5 Rd6 34.
Rb8+ Nf8 35. Be7 Re6 36. Re8 Nf4 37. Nf6+ Rxf6 38. Bxf6 Bxf6 39. Rc8 d4 40.
cxd4 cxd4 41. Be4 Be5 42. Kg1 Nxh3+ 43. Kf1 h5 44. Ke2 Nf4+ 45. Kd1 h4 46. Re8
f6 47. Re7 h3 48. Rb7 N8e6 49. Ra7 Ng5 50. Bh1 Ng2 51. Ke2 Nf4+ 52. Kd2 h2 53.
Rb7 d3 0-1

[Event "Weekend Accademia A Autunno"]
[Site "Roma ITA"]
[Date "2007.10.12"]
[Round "1"]
[White "Marzio, Mario"]
[Black "Condemi De Felice, Alfonso"]
[Result "0-1"]
[WhiteElo "1486"]
[BlackElo "2030"]
[PlyCount "106"]
[EventDate "2007.10.12"]

1. e4 e6 2. d4 d5 3. Nd2 Nf6 4. e5 Nfd7 5. Bd3 c5 6. c3 Nc6 7. Ndf3 Qb6 8. Ne2
cxd4 9. cxd4 f6 10. exf6 Nxf6 11. O-O Bd6 12. h3 O-O 13. a3 Bd7 14. Ng5 Rae8
15. Kh1 g6 16. Nf3 Kg7 17. b4 a6 18. Be3 Bb8 19. Qd2 Ng8 20. Rac1 Qc7 21. Ne5
Qc8 22. Ng4 Rf7 23. Bh6+ Nxh6 24. Qxh6+ Kg8 25. Qg5 Kh8 26. Qh6 Rg8 27. Qg5 Qd8
28. Qh6 Bd6 29. Qd2 Bf8 30. Nh6 Bxh6 31. Qxh6 Qf6 32. Qe3 Rgf8 33. Kg1 Ne7 34.
f3 Nf5 35. Bxf5 exf5 36. Nf4 Re8 37. Qf2 Qd6 38. Nd3 Bb5 39. Rfd1 Bxd3 40. Rxd3
Rfe7 41. Rd2 Re3 42. Ra2 Qf4 43. Rd1 Rc8 44. Kh1 g5 45. Kg1 Kg7 46. Kh1 Kg6 47.
Kg1 h5 48. Kh1 Rec3 49. Qe1 Re3 50. Qd2 Rce8 51. Rf1 g4 52. hxg4 hxg4 53. Kg1
g3 0-1

[Event "Weekend Accademia A Autunno"]
[Site "Roma ITA"]
[Date "2007.10.12"]
[Round "1"]
[White "Pecorari, Marcello"]
[Black "Giuliano, Alberto"]
[Result "1-0"]
[WhiteElo "2077"]
[BlackElo "1807"]
[PlyCount "36"]
[EventDate "2007.10.12"]

1. e4 e6 2. d4 d5 3. exd5 exd5 4. c4 Nf6 5. Nc3 Bb4 6. Nf3 O-O 7. Bd3 Re8+ 8.
Be3 Ng4 9. O-O Rxe3 10. fxe3 Nxe3 11. Bxh7+ Kxh7 12. Qd3+ Nf5 13. Nxd5 Be7 14.
g4 g6 15. gxf5 Bxf5 16. Qe3 Nc6 17. Nxe7 Qxe7 18. Qxe7 Nxe7 1-0

[Event "Weekend Accademia A Autunno"]
[Site "Roma ITA"]
[Date "2007.10.12"]
[Round "1"]
[White "Proietti, Giorgio"]
[Black "Di Cecco, Giuseppe"]
[Result "1-0"]
[WhiteElo "1914"]
[BlackElo "2109"]
[PlyCount "47"]
[EventDate "2007.10.12"]

1. d4 d5 2. Nf3 Nf6 3. c4 c6 4. Nc3 dxc4 5. a4 Bf5 6. Ne5 e6 7. g3 Bb4 8. Bg2
Ne4 9. O-O Nxc3 10. bxc3 Bxc3 11. Ba3 Qxd4 12. Nxc4 Qxd1 13. Rfxd1 Nd7 14. Nd6+
Kd8 15. Nxf7+ Kc7 16. Bd6+ Kb6 17. Nxh8 Rxh8 18. e4 Bg6 19. Rab1+ Ka6 20. Rdc1
Bd4 21. Bf1+ Ka5 22. Rxb7 Ne5 23. Bxe5 Bxe5 24. Rc5+ 1-0

[Event "Weekend Accademia A Autunno"]
[Site "Roma ITA"]
[Date "2007.10.12"]
[Round "1"]
[White "Prudenzano, Ruggero"]
[Black "Trebeschi, Andrea"]
[Result "1-0"]
[WhiteElo "1808"]
[BlackElo "2078"]
[PlyCount "95"]
[EventDate "2007.10.12"]

1. d4 d6 2. c4 Nf6 3. Nc3 g6 4. e4 Bg7 5. Nge2 Nbd7 6. Ng3 e5 7. d5 a5 8. Be2
Nc5 9. Be3 b6 10. O-O h5 11. h4 Ng4 12. Bg5 Bf6 13. Qd2 Bxg5 14. hxg5 h4 15.
Nh1 h3 16. g3 h2+ 17. Kg2 f5 18. f3 f4 19. fxg4 Qxg5 20. gxf4 Qh4 21. Nf2 exf4
22. Qxf4 Rf8 23. Qxh2 Qg5 24. Nh3 Qd2 25. Rxf8+ Kxf8 26. Rf1+ Kg7 27. Qf4 Qxf4
28. Nxf4 Bd7 29. Kg3 Kf6 30. Ne6+ Ke5 31. Nxc5 bxc5 32. Rf7 Rd8 33. g5 Kd4 34.
Kf4 a4 35. Rxd7 Rf8+ 36. Kg3 a3 37. Nb5+ Ke3 38. Nxa3 Kxe2 39. Rg7 Rf3+ 40. Kg4
Ke3 41. Rxg6 Rf4+ 42. Kh5 Rf2 43. Nb5 Rxb2 44. Nxc7 Rb4 45. Rxd6 Kxe4 46. g6
Rxc4 47. g7 Rc1 48. g8=Q 1-0

[Event "Weekend Accademia A Autunno"]
[Site "Roma ITA"]
[Date "2007.10.12"]
[Round "1"]
[White "Tosoni, Augusto"]
[Black "Carola, Paolo"]
[Result "1/2-1/2"]
[WhiteElo "2255"]
[BlackElo "1973"]
[PlyCount "127"]
[EventDate "2007.10.12"]

1. e4 e5 2. Nf3 Nf6 3. d4 Nxe4 4. dxe5 d5 5. exd6 Bxd6 6. Bd3 Bf5 7. O-O O-O 8.
Be3 Bg6 9. Qe2 Nc6 10. Nbd2 Nxd2 11. Qxd2 Bb4 12. Qe2 Bxd3 13. cxd3 Qd5 14. a3
Ba5 15. Rac1 Bb6 16. Bxb6 axb6 17. Rfe1 h6 18. h3 Rfd8 19. d4 Ra4 20. Qe3 Rc4
21. Rxc4 Qxc4 22. Qf4 Nxd4 23. Nxd4 Rxd4 24. Qf3 Rf4 25. Qxb7 Qc2 26. f3 Rd4
27. Kh2 Rd2 28. f4 Qxb2 29. Qc8+ Kh7 30. Qf5+ g6 31. Qxf7+ Qg7 32. Re7 Qxf7 33.
Rxf7+ Kg8 34. Rxc7 b5 35. Rc3 Kf7 36. Kg3 Ra2 37. Rb3 Kf6 38. Kf3 h5 39. g4
hxg4+ 40. hxg4 Ke6 41. Ke4 Re2+ 42. Kf3 Ra2 43. g5 Kd6 44. Ke4 Re2+ 45. Re3 Rg2
46. Rd3+ Ke6 47. Rb3 Re2+ 48. Re3 Rb2 49. f5+ gxf5+ 50. Kf4+ Kf7 51. Kxf5 Rf2+
52. Kg4 Ra2 53. Rf3+ Kg6 54. Rf6+ Kg7 55. Ra6 Rg2+ 56. Kf4 Rf2+ 57. Ke4 Re2+
58. Kf4 Rf2+ 59. Kg3 Ra2 60. Ra5 Kg6 61. Kf4 Rf2+ 62. Ke4 Rb2 63. Kd4 Kxg5 64.
a4 1/2-1/2

[Event "Weekend Accademia A Autunno"]
[Site "Roma ITA"]
[Date "2007.10.12"]
[Round "1"]
[White "Vuelban, Virgilio"]
[Black "Vignato, Giovanni"]
[Result "1-0"]
[WhiteElo "2399"]
[BlackElo "2027"]
[PlyCount "71"]
[EventDate "2007.10.12"]

1. Nf3 d5 2. d4 e6 3. c4 c6 4. e3 f5 5. Bd3 Nf6 6. Nc3 Bd6 7. h3 Ne4 8. g4 O-O
9. gxf5 exf5 10. cxd5 cxd5 11. Qb3 Nxc3 12. bxc3 Bc7 13. c4 dxc4 14. Bxc4+ Kh8
15. Ba3 Rf6 16. Ng5 Ba5+ 17. Ke2 Nc6 18. Nf7+ Rxf7 19. Bxf7 b6 20. h4 Bb7 21.
Rad1 f4 22. Bd5 Ba6+ 23. Bc4 b5 24. Bd3 fxe3 25. fxe3 Nxd4+ 26. exd4 Qxd4 27.
Qe6 Bb7 28. Bb1 Qf4 29. Rh3 b4 30. Bc1 Qf8 31. Qf5 Ba6+ 32. Kf2 Bb6+ 33. Be3
Qg8 34. Bxb6 Rf8 35. Qxf8 Qxf8+ 36. Rf3 1-0

[Event "Weekend Accademia A Autunno"]
[Site "Roma ITA"]
[Date "2007.10.12"]
[Round "1"]
[White "Wollenweber, Carsten"]
[Black "Maggi, Fabrizio"]
[Result "1-0"]
[WhiteElo "2141"]
[BlackElo "1960"]
[PlyCount "37"]
[EventDate "2007.10.12"]

1. d4 d5 2. Nc3 e6 3. e4 Bb4 4. Nge2 dxe4 5. a3 Be7 6. Nxe4 Nc6 7. Be3 Nf6 8.
Nxf6+ Bxf6 9. Qd2 O-O 10. O-O-O e5 11. d5 Nb8 12. Ng3 a5 13. Ne4 Be7 14. f3 f5
15. Nc5 b6 16. Ne6 Bxe6 17. dxe6 Na6 18. Qc3 Bd6 19. Bxa6 1-0

[Event "Weekend Accademia A Autunno"]
[Site "Roma ITA"]
[Date "2007.10.13"]
[Round "2"]
[White "Caprio, Guido"]
[Black "Ciampi, Vincenzo"]
[Result "1-0"]
[WhiteElo "2071"]
[BlackElo "2095"]
[PlyCount "77"]
[EventDate "2007.10.12"]

1. e4 c5 2. Nf3 e6 3. d4 cxd4 4. Nxd4 a6 5. Nc3 Qc7 6. Bd3 Bc5 7. Nb3 Be7 8.
Qg4 Nf6 9. Qxg7 Rg8 10. Qh6 Rxg2 11. Bf4 Qb6 12. Bg3 Rxf2 13. Bxf2 Qxf2+ 14.
Kxf2 Ng4+ 15. Ke2 Nxh6 16. Rhg1 Nc6 17. Nd1 Bf6 18. c3 a5 19. a4 Ne5 20. Ne3 b6
21. Nd4 Bb7 22. Nb5 Ke7 23. Raf1 Rg8 24. Rxg8 Nxg8 25. Na3 Nxd3 26. Kxd3 Ba6+
27. Nb5 Be5 28. Nc4 Bxh2 29. Nxb6 Nf6 30. Nc4 Nxe4 31. Kxe4 d5+ 32. Kd4 dxc4
33. Rh1 Bg3 34. Rxh7 Bf4 35. Kxc4 Bb7 36. Rh4 Bg5 37. Rg4 Kf6 38. Nd6 Bc1 39.
Nxb7 1-0

[Event "Weekend Accademia A Autunno"]
[Site "Roma ITA"]
[Date "2007.10.13"]
[Round "2"]
[White "Carola, Paolo"]
[Black "Gardon, Ermanno"]
[Result "0-1"]
[WhiteElo "1973"]
[BlackElo "2144"]
[PlyCount "96"]
[EventDate "2007.10.12"]

1. e4 e6 2. d4 c5 3. c3 d5 4. exd5 exd5 5. Nf3 Nf6 6. Bg5 Be6 7. Bb5+ Bd7 8.
Bxd7+ Nbxd7 9. O-O Be7 10. Re1 O-O 11. Ne5 Re8 12. Nxd7 Qxd7 13. dxc5 Bxc5 14.
Rxe8+ Rxe8 15. Bxf6 Qe6 16. Nd2 Qxf6 17. Nf3 Qe6 18. Kf1 Qa6+ 19. Kg1 Qe2 20.
Qxe2 Rxe2 21. Rd1 Bxf2+ 22. Kf1 Rxb2 23. Rxd5 Bb6 24. a4 Ra2 25. Rd7 Rf2+ 26.
Ke1 Rxg2 27. Rxb7 h6 28. Ne5 Rxh2 29. Nd7 Bf2+ 30. Kf1 f5 31. c4 Bd4 32. c5 Rc2
33. Rc7 f4 34. c6 f3 35. Rc8+ Kf7 36. Rf8+ Ke7 37. Rxf3 Rxc6 38. Rd3 Rc4 39.
Nb8 Kd6 40. a5 Kc7 41. Rb3 Ra4 42. Rb5 Ra2 43. Na6+ Kc6 44. Rb4 Kd5 45. Rb3 Ke4
46. Nb4 Rf2+ 47. Ke1 Rh2 48. Kd1 g5 0-1

[Event "Weekend Accademia A Autunno"]
[Site "Roma ITA"]
[Date "2007.10.13"]
[Round "2"]
[White "Condemi De Felice, Alfonso"]
[Black "Wollenweber, Carsten"]
[Result "0-1"]
[WhiteElo "2030"]
[BlackElo "2141"]
[PlyCount "38"]
[EventDate "2007.10.12"]

1. d4 d5 2. Nf3 Nc6 3. e3 Bg4 4. c4 e5 5. h3 Bxf3 6. Qxf3 e4 7. Qd1 Nf6 8. Nc3
Bb4 9. a3 Bxc3+ 10. bxc3 O-O 11. cxd5 Qxd5 12. f4 Na5 13. Qa4 b6 14. Be2 c5 15.
c4 Qd8 16. d5 Nh5 17. O-O Ng3 18. Re1 Qf6 19. Bd2 Nxe2+ 0-1

[Event "Weekend Accademia A Autunno"]
[Site "Roma ITA"]
[Date "2007.10.13"]
[Round "2"]
[White "De Lisa, Carmine"]
[Black "Gasperoni, Claudio"]
[Result "0-1"]
[WhiteElo "1815"]
[BlackElo "1841"]
[PlyCount "70"]
[EventDate "2007.10.12"]

1. e4 e5 2. Nf3 Nc6 3. Bb5 a6 4. Ba4 Nf6 5. O-O Be7 6. Re1 b5 7. Bb3 d6 8. c3
O-O 9. d4 Bg4 10. d5 Nb8 11. a4 Nbd7 12. axb5 axb5 13. Rxa8 Qxa8 14. h3 Bh5 15.
Nbd2 Rb8 16. g4 Bg6 17. Nh4 Nc5 18. Nf5 Bxf5 19. gxf5 Nd3 20. Rf1 Nxc1 21. Qxc1
Nh5 22. Nf3 Nf4 23. Kh2 Qa7 24. Qd2 h6 25. Rg1 b4 26. c4 Qc5 27. Qc2 Ra8 28.
Qd2 Ra5 29. Qc2 Qa7 30. Qd2 Ra1 31. Bd1 b3 32. Bxb3 Rxg1 33. Nxg1 Bh4 34. f3
Bg5 35. Kg3 Nh5+ 0-1

[Event "Weekend Accademia A Autunno"]
[Site "Roma ITA"]
[Date "2007.10.13"]
[Round "2"]
[White "Di Cecco, Giuseppe"]
[Black "Tosoni, Augusto"]
[Result "0-1"]
[WhiteElo "2109"]
[BlackElo "2255"]
[PlyCount "74"]
[EventDate "2007.10.12"]

1. e4 c5 2. Nf3 d6 3. d4 cxd4 4. Nxd4 Nf6 5. Nc3 g6 6. Be3 Bg7 7. f3 Nc6 8. Qd2
O-O 9. O-O-O d5 10. exd5 Nxd5 11. Nxc6 bxc6 12. Bd4 e5 13. Bc5 Be6 14. Ne4 Re8
15. Bc4 a5 16. g4 h6 17. h4 Qc7 18. g5 h5 19. Rhe1 Red8 20. Qf2 Rab8 21. a4 Qb7
22. Ba3 Bf8 23. Nc5 Qb6 24. Qg1 Bf5 25. Bb3 Nf4 26. Rxd8 Rxd8 27. Bc4 Rd4 28.
Qxd4 exd4 29. Re8 Nd5 30. Rxf8+ Kg7 31. Ne4 Bxe4 32. fxe4 c5 33. Re8 Ne3 34.
Ba2 Qd6 35. b3 Qh2 36. Bb1 Qg1+ 37. Kb2 Nd1+ 0-1

[Event "Weekend Accademia A Autunno"]
[Site "Roma ITA"]
[Date "2007.10.13"]
[Round "2"]
[White "Giuliano, Alberto"]
[Black "Maddaloni, Giovanni"]
[Result "0-1"]
[WhiteElo "1807"]
[BlackElo "1799"]
[PlyCount "36"]
[EventDate "2007.10.12"]

1. d4 Nf6 2. g3 g6 3. Bg2 d6 4. Nf3 Bg7 5. O-O O-O 6. c4 Nc6 7. Nc3 a6 8. d5
Na5 9. Nd2 c5 10. Qc2 e6 11. dxe6 fxe6 12. e4 Nc6 13. Nf3 e5 14. Bg5 Bg4 15.
Nd2 Nd4 16. Qd3 b5 17. cxb5 axb5 18. Nxb5 Be2 0-1

[Event "Weekend Accademia A Autunno"]
[Site "Roma ITA"]
[Date "2007.10.13"]
[Round "2"]
[White "Maggi, Fabrizio"]
[Black "Cobas Ferrer, Dayami"]
[Result "1/2-1/2"]
[WhiteElo "1960"]
[BlackElo "1994"]
[PlyCount "36"]
[EventDate "2007.10.12"]

1. c4 Nf6 2. Nc3 d6 3. d4 Nbd7 4. e4 e5 5. Nf3 Be7 6. Be2 O-O 7. O-O c6 8. Re1
Re8 9. Bf1 exd4 10. Nxd4 Bf8 11. f3 a5 12. Be3 Ne5 13. Rc1 Be6 14. b3 Rc8 15.
Na4 Bd7 16. Nc3 Be6 17. Na4 Bd7 18. Nc3 Be6 1/2-1/2

[Event "Weekend Accademia A Autunno"]
[Site "Roma ITA"]
[Date "2007.10.13"]
[Round "2"]
[White "Mastroddi, Giuseppe"]
[Black "Mazza, Maurizio"]
[Result "0-1"]
[WhiteElo "1799"]
[BlackElo "1752"]
[PlyCount "114"]
[EventDate "2007.10.12"]

1. d4 Nf6 2. Nf3 e6 3. e3 d5 4. Bd3 Nbd7 5. Nbd2 Bd6 6. e4 dxe4 7. Nxe4 Nxe4 8.
Bxe4 Nf6 9. Bd3 h6 10. c3 c6 11. O-O O-O 12. Re1 Qc7 13. h3 b6 14. Bc2 Bb7 15.
Qd3 Rfd8 16. Qe2 Rac8 17. Ne5 c5 18. Ng4 Nxg4 19. Qxg4 Kh8 20. Qh4 Be7 21. Qh5
Rd5 22. Qxf7 cxd4 23. Qg6 d3 24. Bxd3 Rxd3 25. Qxd3 Qc6 26. f3 Bh4 27. Re2 Rd8
28. Qc2 Ba6 29. Re4 Bd3 30. Qb3 Bxe4 31. fxe4 Qxe4 32. Bxh6 gxh6 33. c4 Rg8 34.
Qc3+ e5 35. Qd2 Bg5 36. Qd5 Be3+ 37. Kh1 Qxd5 38. cxd5 Rd8 39. Rd1 Bd4 40. b3
Rxd5 41. g4 Rc5 42. Rd2 Rc3 43. Kg2 Kg7 44. h4 b5 45. g5 hxg5 46. hxg5 Kg6 47.
Kf1 Kxg5 48. Rg2+ Kf4 49. Rg7 Rc2 50. a4 bxa4 51. bxa4 Ra2 52. a5 e4 53. Rd7
Ke3 54. Rd5 Kd3 55. Rf5 e3 56. Rh5 Rf2+ 57. Ke1 Bc3+ 0-1

[Event "Weekend Accademia A Autunno"]
[Site "Roma ITA"]
[Date "2007.10.13"]
[Round "2"]
[White "Parrini, Daniele"]
[Black "Vuelban, Virgilio"]
[Result "0-1"]
[WhiteElo "2042"]
[BlackElo "2399"]
[PlyCount "70"]
[EventDate "2007.10.12"]

1. e4 c5 2. Nf3 Nc6 3. d4 cxd4 4. Nxd4 Nf6 5. Nc3 d6 6. f3 e6 7. Be3 a6 8. Qd2
Be7 9. O-O-O O-O 10. g4 Nxd4 11. Bxd4 b5 12. g5 Nd7 13. h4 Qa5 14. Kb1 b4 15.
Ne2 e5 16. Be3 Nc5 17. Nc1 Be6 18. Bh3 Rab8 19. Nb3 Nxb3 20. cxb3 Qb5 21. g6
Bxh3 22. gxh7+ Kxh7 23. Rxh3 Rfc8 24. Bg5 Bf8 25. Rh2 Rb7 26. Qg2 Rbc7 27. Qg4
a5 28. h5 a4 29. Qf5+ Kh8 30. h6 g6 31. Bf6+ Kh7 32. Qg5 axb3 33. Bg7 Be7 34.
Qe3 bxa2+ 35. Ka1 b3 0-1

[Event "Weekend Accademia A Autunno"]
[Site "Roma ITA"]
[Date "2007.10.13"]
[Round "2"]
[White "Proietti, Giorgio"]
[Black "Pecorari, Marcello"]
[Result "1/2-1/2"]
[WhiteElo "1914"]
[BlackElo "2077"]
[PlyCount "93"]
[EventDate "2007.10.12"]

1. d4 d5 2. Nf3 e6 3. c4 Nf6 4. Bg5 Nbd7 5. e3 c6 6. Nc3 Qa5 7. Bxf6 Nxf6 8.
Qc2 Bb4 9. Nd2 O-O 10. Bd3 Re8 11. O-O Bxc3 12. Qxc3 Qc7 13. Nf3 Qe7 14. Rac1
Bd7 15. c5 Red8 16. b4 a6 17. a4 Ne8 18. Rb1 Nc7 19. Rb2 f6 20. e4 Re8 21. e5
f5 22. Qd2 h6 23. h4 Rf8 24. Qf4 Be8 25. Rfb1 Kh8 26. g3 Rg8 27. Kg2 Bh5 28.
Qd2 f4 29. Be2 fxg3 30. fxg3 Rgf8 31. Ng1 Bg6 32. Bd3 Bxd3 33. Qxd3 Rf5 34. Rf1
Raf8 35. Rbf2 Rxf2+ 36. Rxf2 Rxf2+ 37. Kxf2 Qf7+ 38. Qf3 Kg8 39. Qxf7+ Kxf7 40.
Kf3 g6 41. Nh3 Ne8 42. Nf4 h5 43. Ne2 Ng7 44. Ke3 Nf5+ 45. Kd3 Ke7 46. Kc3 Kd7
47. Kd3 1/2-1/2

[Event "Weekend Accademia A Autunno"]
[Site "Roma ITA"]
[Date "2007.10.13"]
[Round "2"]
[White "Prudenzano, Ruggero"]
[Black "Failli, Riccardo"]
[Result "1/2-1/2"]
[WhiteElo "1808"]
[BlackElo "1961"]
[PlyCount "23"]
[EventDate "2007.10.12"]

1. d4 f5 2. g3 Nf6 3. Bg2 g6 4. c4 Bg7 5. Nc3 O-O 6. Nf3 d6 7. d5 c6 8. O-O Bd7
9. Qb3 Qb6 10. Be3 Qxb3 11. axb3 c5 12. Ng5 1/2-1/2